1659 1799 1372 1401 1190 1146 1876 1334 1521 1704 1717 1218 1955 1334 1672 1320 1037 1893 1229 1839 1225 1482 1530 1994 1399 1100 1365 1809 1513 1171 1879 1516 1610 1324 1702 1259 1147 1028 1557 1728 1720 1072 1145 1404 1024 1843 1066 1819 1767 1516 1306 1396 1517 1130 1447 1031 1685 1251 1986 1488 1231 1913 1689 1975 1875 1925 1266 1634 1746 1859 1622 1359 1994 1137 1267 1989 1957 1796 1633 1100 1260 1689 1346 1310 1087 1284 1059 1016 1255 1032 1780 1019 1923 1381 1584 1064 1507 1371 1075 BCNSPRNW ULIB Ver.6.0+V

เปลี่ยนเป็นภาษาไทย

Change to English
 แสดงรายละเอียดบรรณานุกรม
  กลับหน้าหลัก

Brief Record : Get Marc (ISO 2709) : E-mail record : QR code < ปิดหน้าต่าง
LEADER : 00000nam 2200000uu 4500
001    13399126591
003     ULIB
008    190118s2561||||th 000 0 tha d
020 ^  ^a9786163660572
050  0 ^aนว^bด179พ
100 0  ^aดวงตะวัน.
245 1  ^aเพลิงแค้นปีศาจ ชุดซีรีส์ราชสีห์ /^cดวงตะวัน.
250 ^  ^aพิมพ์ครั้งที่ 1.
260 ^  ^aกรุงเทพฯ :^bดวงตะวัน,^c2561.
300 ^  ^a354 หน้า ;^c19 ซม.
490 0  ^aราชสีห์ ;^v10
945    ^p300^l0^i004786
999    ^aประนอม เกษจรัล
รายการนี้ยังไม่มีแท็ก
คุณยังไม่ได้ล็อกอิน คุณสามารถมีกิจกรรมร่วมกับเว็บไซต์ได้ แต่ต้องล็อกอินก่อน ::
  ล็อกอิน

รายการสื่อสารสนเทศ

ลำดับที่ ประเภท เลขเรียก/บาร์โค้ด สถานที่ สถานะ
1. นวนิยาย
นวนิยาย
นว ด179พ ฉ.1 
  Barcode: 004786
ห้องสมุดวิทยาเขตสวรรค์ประชารักษ์
►นวนิยาย
บนชั้น
  ขอยืม

รายการใกล้เคียง
    ผู้แต่ง [ดวงตะวัน.]

BibComment


ยังไม่เคยถูกคอมเมนท์

คอมเมนท์ทรัพยากรรายการนี้
  คอมเมนท์: เพลิงแค้นปีศาจ ช..


 Copyright 2026. Bcnsprnw @Library